Carta Abierta /
Wedi'i Gadw mewn:
| Fformat: | Llyfr |
|---|---|
| Iaith: | Spanish |
| Cyhoeddwyd: |
San José, Costa Rica:
CECADE,
1990-
|
| Pynciau: | |
| Tagiau: |
Ychwanegu Tag
Dim Tagiau, Byddwch y cyntaf i dagio'r cofnod hwn!
|
MARC
| LEADER | 00000nam a22000007a 4500 | ||
|---|---|---|---|
| 003 | cru CIDCACS/IIS | ||
| 005 | 20231129100017.0 | ||
| 008 | 231129b |||||||| |||| 00| 0 spa d | ||
| 040 | |c cru CIDCACS/IIS | ||
| 090 | |a REV0784 | ||
| 245 | |a Carta Abierta / |c Centro de Capacitación para el Desarrollo | ||
| 260 | |a San José, Costa Rica: |b CECADE, |c 1990- | ||
| 500 | |a EXISTENCIAS : 1990 1 (1-2) 1991 2 (5) 1992 3 (6-7) | ||
| 500 | |a Colección Centroamérica | ||
| 650 | 0 | |a MOVIMIENTOS SOCIALES |9 3 | |
| 650 | 0 | |a PROYECTOS DE INVESTIGACION |9 3113 | |
| 650 | 0 | |a PARTICIPACION SOCIAL |9 2125 | |
| 650 | 0 | |a CAMPESINADO |9 624 | |
| 650 | 0 | |a ECOLOGIA |9 2020 | |
| 650 | 0 | |a DESARROLLO SUSTENTABLE |9 4459 | |
| 650 | 0 | |a POLITICA AGRARIA |9 2023 | |
| 650 | 0 | |a MODELOS DE CRECIMIENTO |9 4891 | |
| 650 | 0 | |a CULTURA |9 126 | |
| 650 | 0 | |a MUJERES |9 88 | |
| 650 | 0 | |a ORGANIZACIONES NO GUBERNAMENTALES |9 3749 | |
| 651 | 0 | |a COSTA RICA |9 32 | |
| 942 | |2 ddc |c PP | ||
| 999 | |c 45378 |d 45378 | ||
